Statistics for BMX World Champions 2000-2010

Click here to take the quiz!

General Stats

  • This quiz has been taken 9 times
  • The average score is 11 of 22

Answer Stats

HintAnswer% Correct
2010Maris Strombergs
75%
2008Maris Strombergs
75%
2010Shanaze Reade
75%
2007Shanaze Reade
75%
2008Shanaze Reade
75%
2005Bubba Harris
63%
2002Kyle Bennet
63%
2003Kyle Bennet
63%
2007Kyle Bennet
63%
2001Dale Holmes
50%
2009Donny Robinson
38%
2003Elodie Ajinça
38%
2006Javier Colombo
38%
2000Natarsha Williams
38%
2004Warwick Stevenson
38%
2005Willy Kanis
38%
2006Willy Kanis
38%
2004Gabriela Díaz
25%
2002Gabriela Díaz
25%
2001Gabriela Díaz
25%
2009Sarah Walker
25%
2000Thomas Allier
25%

Score Distribution

Percentile by Number Answered

Percent of People with Each Score

Your Score History

You have not taken this quiz